Œuvres Concours Louvre 2026 - Statistiques

Statistiques générales
  • Ce quiz a été pris 61 fois
  • Le résultat moyen est 16 sur 34
Statistiques - réponses
Nombre Œuvre % Correct
13 La Naissance de Vénus
89%
3 Fresque de la tombe du plongeur
67%
26 L’Asperge
67%
6 Statue équestre de Marc Aurèle
61%
4 Torque celte
61%
2 Cratère de Vix
56%
34 No Belt
56%
25 Synagogue de Besançon
56%
33 Bar aux autruches
50%
5 Grand Stupa de Sânchî
50%
31 Jeune Fille en vert
50%
12 La Danse Macabre
50%
20 Marie-Antoinette et ses enfants
50%
1 Sculpture en bas-relief
50%
21 El Tres de mayo de 1808 en Madrid
44%
30 La Grande Pénélope
44%
7 Le Christ et l’abbé Ména
44%
32 Maison Louis Carré
44%
16 Nature morte aux fromages, amandes et bretzels
44%
11 Scène de la rencontre d’Anne et Joachim à la porte Dorée
44%
9 Abbaye Sainte-Marie de Souillac, Portail
39%
29 Masque d’esprit Hudoq
39%
15 Mercure
39%
10 Rhinocéros d’or
39%
23 The Yatman cabinet
39%
24 Vélocipède à corps ondulé
39%
18 Colonnade dite de Perrault
33%
19 L’Entrée du Grand Canal, avec Santa Maria della Salute et le canal de la Giudecca, vue de l’extrémité occidentale du Môle
33%
28 Robe d’intérieur ou Tea-Gown
33%
8 Bible de Vivien, dite Première Bible de Charles le Chauve
28%
27 Danse serpentine
28%
14 Homme au béret noir portant une paire de gants
28%
17 Khamseh, Shîrîn à son bain
28%
22 Psyché enlevée par les Zéphirs
28%
Aucun quiz correspondant
Distribution des résultats
% des personnes avec chaque résultat
Percentile par nombre de réponses
Votre historique - résultats
Vous n’avez pas pris ce quiz